| 000 | 004680000a22001810004500 | ||
|---|---|---|---|
| 003 | LK-CoMWRAF | ||
| 005 | 20231029210411.0 | ||
| 008 | 230817t ||||| |||| 00| 0 eng d | ||
| 040 |
_aLK-CoMWRAF _dLK-CoMWRAF _eLK-CoMWRAF |
||
| 041 | _aeng | ||
| 082 |
_a823 _bCHA |
||
| 100 | _aChaudhury, P.C.Roy | ||
| 245 | _aFolk tales of India | ||
| 260 |
_aIndia (New Delhi) : _bSterling publishers, _c1992 |
||
| 300 | _a118p | ||
| 650 | _aEnglish Fiction--India | ||
| 942 | _cBK | ||
| 999 |
_c1702 _d1702 |
||